[Event "Paris-ch 94th"]
[Site "Paris"]
[Date "2019.07.13"]
[Round "8"]
[White "Eden, James"]
[Black "Manoeuvre, Antoine"]
[Result "1/2-1/2"]
[WhiteElo "2343"]
[BlackElo "2325"]
[PlyCount "78"]
[EventDate "2019.07.07"]
[EventType "swiss"]
[EventRounds "9"]
[EventCountry "FRA"]
[SourceTitle "CBM 191 Extra"]
[Source "ChessBase"]
[SourceDate "2019.09.30"]
[SourceVersion "1"]
[SourceVersionDate "2019.09.30"]
[SourceQuality "1"]

1. e4 e6 2. d4 d5 3. Nc3 Bb4 4. e5 c5 5. Bd2 Ne7 6. Nb5 Bxd2+ 7. Qxd2 0-0 8. f4 a6 9. Nc3 cxd4 10. Nce2 Nbc6 11. Nf3 Nf5 12. Nexd4 Ncxd4 13. Nxd4 Qh4+ 14. g3 Nxd4 15. Qxd4 Qe7 16. 0-0-0 Bd7 17. Kb1 Bb5 18. g4 Bxf1 19. Rhxf1 Rfc8 20. f5 Rc4 21. Qf2 Rac8 22. c3 Rxg4 23. f6 Qc5 24. Rd4 Rxd4 25. cxd4 Qc4 26. Rg1 Qd3+ 27. Ka1 g6 28. Qf4 Qh3 29. Rc1 Rxc1+ 30. Qxc1 h5 31. b3 Qd3 32. Qc8+ Kh7 33. Qf8 Qxd4+ 34. Kb1 Qd1+ 35. Kb2 Qd2+ 36. Ka3 Qa5+ 37. Kb2 Qd2+ 38. Ka3 Qa5+ 39. Kb2 Qd2+ 1/2-1/2

[Event "Paris-ch 92nd"]
[Site "Paris"]
[Date "2017.07.17"]
[Round "4"]
[White "Manoeuvre, Antoine"]
[Black "Caille, Hugo"]
[Result "1/2-1/2"]
[WhiteElo "2284"]
[BlackElo "2210"]
[PlyCount "74"]
[EventDate "2017.07.14"]
[EventType "swiss"]
[EventRounds "9"]
[EventCountry "FRA"]
[SourceTitle "EXT 2018"]
[Source "ChessBase"]
[SourceDate "2017.10.13"]
[SourceVersion "1"]
[SourceVersionDate "2017.10.13"]
[SourceQuality "1"]

1. Nf3 d5 2. b3 Bg4 3. Ne5 Bh5 4. d4 Nd7 5. Nd3 e6 6. Nf4 Bg6 7. Nxg6 hxg6 8. g3 c6 9. Bg2 Bd6 10. Bb2 e5 11. dxe5 Bxe5 12. Bxe5 Nxe5 13. Nd2 Nf6 14. 0-0 0-0 15. c3 Re8 16. Qc2 Ned7 17. Rfe1 Nc5 18. Rad1 Qb6 19. c4 Rac8 20. e3 Nce4 21. Nxe4 dxe4 22. Rd6 Re5 23. Red1 Rce8 24. Qd2 R8e7 25. Rd8+ Re8 26. Bh3 Kh7 27. Rd6 Rh5 28. Kg2 Qc5 29. Qe2 Qg5 30. Bd7 Re7 31. Bc8 Rc7 32. h4 Rxh4 33. Rd8 Rxc8 34. Rxc8 Ng4 35. Rdd8 Rh2+ 36. Kg1 Rh1+ 37. Kg2 Rh2+ 1/2-1/2

[Event "Paris-ch 91st"]
[Site "Paris"]
[Date "2016.07.17"]
[Round "9"]
[White "Midonet, Matthieu"]
[Black "Manoeuvre, Antoine"]
[Result "1-0"]
[WhiteElo "2213"]
[BlackElo "2314"]
[PlyCount "120"]
[EventDate "2016.07.09"]
[EventType "swiss"]
[EventRounds "9"]
[EventCountry "FRA"]
[SourceTitle "CBM 173 Extra"]
[Source "ChessBase"]
[SourceDate "2016.08.29"]
[SourceVersion "1"]
[SourceVersionDate "2016.08.29"]
[SourceQuality "1"]

1. e4 c6 2. d4 d5 3. e5 a6 4. Nf3 Bg4 5. c4 e6 6. Be3 Ne7 7. Nc3 Nd7 8. c5 Nf5 9. h3 Bxf3 10. Qxf3 b6 11. b4 bxc5 12. bxc5 Qa5 13. Rc1 Qb4 14. Qd1 a5 15. Be2 a4 16. g4 Nxe3 17. fxe3 Be7 18. 0-0 0-0 19. Qd3 Qa5 20. Rb1 Rfd8 21. Rb2 f6 22. exf6 Bxf6 23. Rc1 e5 24. Bf1 e4 25. Qc2 Bg5 26. Re1 Rf8 27. Bg2 Qc7 28. Qe2 Qg3 29. Rb7 Rf7 30. Nd1 Raf8 31. Kh1 Rf2 32. Nxf2 Rxf2 33. Qxf2 Qxf2 34. Rf1 Qxe3 35. Rxd7 Qxd4 36. Rc7 h5 37. gxh5 Qxc5 38. Rc8+ Bd8 39. Rxd8+ Kh7 40. Rff8 Kh6 41. Rf5 Qc1+ 42. Kh2 Kh7 43. Rff8 Kh6 44. Rf7 Qc3 45. Rh8+ Kg5 46. Rg8 Qe5+ 47. Kh1 Kh6 48. Rgxg7 Qxg7 49. Rxg7 Kxg7 50. Kg1 Kh6 51. Kf2 Kxh5 52. Ke3 Kg5 53. Kd4 a3 54. Bf1 Kh4 55. Ba6 Kxh3 56. Bb7 Kg4 57. Bxc6 Kf4 58. Bxd5 e3 59. Kd3 Kg3 60. Kd4 Kf2 1-0

[Event "Paris-ch 91st"]
[Site "Paris"]
[Date "2016.07.12"]
[Round "4"]
[White "Micottis, Dorian"]
[Black "Manoeuvre, Antoine"]
[Result "1/2-1/2"]
[WhiteElo "2248"]
[BlackElo "2314"]
[PlyCount "128"]
[EventDate "2016.07.09"]
[EventType "swiss"]
[EventRounds "9"]
[EventCountry "FRA"]
[SourceTitle "CBM 173 Extra"]
[Source "ChessBase"]
[SourceDate "2016.08.29"]
[SourceVersion "1"]
[SourceVersionDate "2016.08.29"]
[SourceQuality "1"]

1. Nf3 Nf6 2. g3 b6 3. Bg2 Bb7 4. 0-0 e6 5. c4 Be7 6. d4 0-0 7. Nc3 d5 8. cxd5 exd5 9. Bf4 Nbd7 10. Rc1 c6 11. Re1 Bb4 12. a3 Bxc3 13. bxc3 Qe7 14. a4 Ba6 15. Nd2 Nh5 16. c4 Nxf4 17. gxf4 Qd6 18. e3 Rac8 19. Qb3 Bb7 20. cxd5 cxd5 21. a5 Qg6 22. Nf3 Rc4 23. Qb1 Rfc8 24. Ne5 Nxe5 25. dxe5 Rxc1 26. Rxc1 Rxc1+ 27. Qxc1 d4 28. e4 h5 29. f5 Qg4 30. f3 Qh4 31. axb6 axb6 32. Qd2 Ba6 33. e6 fxe6 34. fxe6 Bc4 35. Bf1 Bxf1 36. Kxf1 Qh3+ 37. Kg1 Qxf3 38. Qxd4 Qg4+ 39. Kf2 Qxe6 40. e5 b5 41. h4 Qa2+ 42. Ke3 Qb3+ 43. Kf2 b4 44. e6 Qc2+ 45. Kg1 Qc1+ 46. Kg2 Qc6+ 47. Kg1 Qc1+ 48. Kg2 Qc2+ 49. Kg1 b3 50. e7 Kf7 51. Qe5 Ke8 52. Qd6 Qb1+ 53. Kh2 Qb2+ 54. Kg1 Qc1+ 55. Kh2 Qc2+ 56. Kg1 Qb1+ 57. Kh2 Qb2+ 58. Kg1 Kf7 59. Qd7 Qc1+ 60. Kg2 Qc2+ 61. Kh3 Qc3+ 62. Kg2 Qb2+ 63. Kh3 Qc3+ 64. Kg2 Qc2+ 1/2-1/2

[Event "FRA-ch Accession"]
[Site "Pau"]
[Date "2012.08.14"]
[Round "1"]
[White "Bricard, Emmanuel"]
[Black "Manoeuvre, Antoine"]
[Result "1/2-1/2"]
[WhiteElo "2489"]
[BlackElo "2247"]
[PlyCount "107"]
[EventDate "2012.08.14"]
[EventType "swiss"]
[EventRounds "11"]
[EventCountry "FRA"]
[SourceTitle "CBM 150 Extra"]
[Source "ChessBase"]
[SourceDate "2012.10.19"]
[SourceVersion "1"]
[SourceVersionDate "2012.10.19"]
[SourceQuality "1"]

1. g3 Nf6 2. Bg2 e5 3. c4 d5 4. cxd5 Nxd5 5. Nf3 Nc6 6. 0-0 Be7 7. d3 0-0 8. a3 Be6 9. b4 b5 10. Bb2 f6 11. Qc2 Qd6 12. Rc1 Nd8 13. d4 Nf7 14. Nbd2 a5 15. bxa5 Rxa5 16. e4 Nb6 17. d5 Bd7 18. Qxc7 Rfa8 19. Nb3 R5a7 20. Qc2 Nc4 21. Ne1 Qb6 22. Nd3 Nxb2 23. Nxb2 Bxa3 24. Rcb1 Nd6 25. Nd1 Rc8 26. Qe2 Ra4 27. h4 Rca8 28. Kh2 Bb4 29. Bh3 Bxh3 30. Kxh3 Qa7 31. Kg2 Qf7 32. Qd3 Qg6 33. f3 f5 34. Nf2 fxe4 35. fxe4 Rf8 36. Rf1 Rfa8 37. Rfc1 Nc4 38. Qf3 Ra2 39. Rxa2 Rxa2 40. Ra1 Rxa1 41. Nxa1 Bc5 42. Nb3 Bxf2 43. Kxf2 Qa6 44. Kg2 Qa7 45. Kh2 Nd6 46. h5 Qa2+ 47. Kh3 Qc2 48. Qg4 Qxe4 49. Qe6+ Kh8 50. Qxd6 Qh1+ 51. Kg4 Qe4+ 52. Kh3 Qh1+ 53. Kg4 Qe4+ 54. Kh3 1/2-1/2

[Event "Paris-ch op-B 87th"]
[Site "Paris"]
[Date "2012.07.10"]
[Round "4"]
[White "Quach, Charles"]
[Black "Manoeuvre, Antoine"]
[Result "1/2-1/2"]
[WhiteElo "2141"]
[BlackElo "2247"]
[PlyCount "49"]
[EventDate "2012.07.07"]
[EventType "swiss"]
[EventRounds "9"]
[EventCountry "FRA"]
[SourceTitle "EXT 2013"]
[Source "ChessBase"]
[SourceDate "2012.11.22"]
[SourceVersion "1"]
[SourceVersionDate "2012.11.22"]
[SourceQuality "1"]

1. d4 Nf6 2. c4 g6 3. Nc3 Bg7 4. e4 d6 5. Be2 0-0 6. Bg5 Nbd7 7. Qd2 c5 8. d5 a6 9. a4 Rb8 10. Nf3 Re8 11. 0-0 Qa5 12. h3 e6 13. dxe6 Rxe6 14. Be3 Qc7 15. Bd3 b6 16. Nd5 Qd8 17. Qc2 Bb7 18. Rfe1 h6 19. Bd2 a5 20. Bc3 Qf8 21. Nc7 Re7 22. Nd5 Ree8 23. Nc7 Re7 24. Nd5 Ree8 25. Nc7 1/2-1/2

[Event "FRA-ch U20"]
[Site "Nimes"]
[Date "2012.04.19"]
[Round "7"]
[White "Manoeuvre, Antoine"]
[Black "Ollier, Pablo"]
[Result "1/2-1/2"]
[WhiteElo "2271"]
[BlackElo "2278"]
[PlyCount "233"]
[EventDate "2012.04.14"]
[EventType "swiss"]
[EventRounds "9"]
[EventCountry "FRA"]
[SourceTitle "CBM 148 Extra"]
[Source "ChessBase"]
[SourceDate "2012.06.22"]
[SourceVersion "1"]
[SourceVersionDate "2012.06.22"]
[SourceQuality "1"]

1. d4 Nf6 2. c4 e6 3. Nc3 Bb4 4. Qc2 d5 5. cxd5 Qxd5 6. e3 c5 7. Bd2 Bxc3 8. Bxc3 cxd4 9. Bxd4 Nc6 10. Bc3 0-0 11. Nf3 Rd8 12. Be2 Qe4 13. Qxe4 Nxe4 14. Rc1 f6 15. 0-0 Nxc3 16. Rxc3 e5 17. Bc4+ Kf8 18. Rfc1 Bf5 19. Bb5 Be4 20. Ne1 Rd2 21. f3 Rxb2 22. a4 a6 23. fxe4 axb5 24. Nd3 Re2 25. axb5 Ne7 26. R3c2 Rxc2 27. Rxc2 b6 28. Kf1 Ra5 29. Rb2 Nc8 30. Rc2 Na7 31. Rc7 Nxb5 32. Rc6 Ra3 33. Rxb6 Rxd3 34. Rxb5 Rxe3 35. Rb4 Kf7 36. Kf2 Rd3 37. Ke2 Ra3 38. Rb7+ Kg6 39. Kf2 h5 40. h4 Ra6 41. Kg3 Kh6 42. Rb8 Ra3+ 43. Kf2 Ra6 44. Rh8+ Kg6 45. Kf3 Ra7 46. Ke3 Ra1 47. Kf2 Ra7 48. Ke3 Rf7 49. Re8 Kh7 50. Kf3 g6 51. Ke3 Ra7 52. Kf2 Ra5 53. Re7+ Kh6 54. Re6 Kg7 55. Re7+ Kf8 56. Rh7 Ra1 57. Ke2 Rg1 58. Kf2 Rd1 59. Ke2 Rd6 60. Ke3 Re6 61. Rb7 Re7 62. Rb6 Kg7 63. Kf3 Rf7 64. Re6 Kh6 65. Re8 Rb7 66. Rh8+ Kg7 67. Re8 Rb3+ 68. Kf2 Kf7 69. Rh8 Rb4 70. Ke3 Kg7 71. Re8 Rb3+ 72. Kf2 Rb7 73. Ke3 Rf7 74. Re6 Kh6 75. Re8 g5 76. hxg5+ Kxg5 77. Rg8+ Kh6 78. Rh8+ Rh7 79. Rf8 Kg6 80. Kf3 Rg7 81. Rh8 Kg5 82. g3 Kg6 83. Re8 Kf7 84. Rh8 Rg5 85. Rh7+ Kg6 86. Ra7 Kh6 87. Re7 Rg7 88. Re8 Rh7 89. Rg8 Rg7 90. Re8 Kg6 91. Re6 Rh7 92. Re8 h4 93. gxh4 Rxh4 94. Rg8+ Kf7 95. Ra8 Rh3+ 96. Kf2 Rb3 97. Ke2 Rc3 98. Kf2 Rc6 99. Kf3 Ke6 100. Rd8 Rd6 101. Re8+ Kd7 102. Ra8 Rc6 103. Rf8 Ke7 104. Ra8 Kd6 105. Rd8+ Ke7 106. Ra8 Rc3+ 107. Ke2 Kf7 108. Kf2 Kg7 109. Rb8 Rc7 110. Kf3 Kg6 111. Rg8+ Rg7 112. Ra8 Kg5 113. Rf8 Kg6 114. Ra8 Kg5 115. Rf8 Kg6 116. Re8 Kg5 117. Rf8 1/2-1/2

[Event "Cap d'Agde CCAS op"]
[Site "Cap d'Agde"]
[Date "2010.10.24"]
[Round "2"]
[White "Cornette, Matthieu"]
[Black "Manoeuvre, Antoine"]
[Result "1-0"]
[WhiteElo "2534"]
[BlackElo "2257"]
[PlyCount "95"]
[EventDate "2010.10.23"]
[EventType "swiss"]
[EventRounds "7"]
[EventCountry "FRA"]
[SourceTitle "EXT 2012"]
[Source "ChessBase"]
[SourceDate "2011.11.24"]
[SourceVersion "1"]
[SourceVersionDate "2011.11.24"]
[SourceQuality "1"]

1. d4 Nf6 2. c4 g6 3. Nf3 Bg7 4. g3 0-0 5. Bg2 d6 6. 0-0 Nc6 7. Nc3 a6 8. b3 Rb8 9. Nd5 e6 10. Nxf6+ Qxf6 11. Bb2 Qe7 12. e4 f5 13. Re1 Qd8 14. exf5 gxf5 15. Rb1 Ne7 16. Ng5 Rf6 17. f4 Rg6 18. Nf3 Qf8 19. Qe2 Bd7 20. d5 Re8 21. Nh4 Rh6 22. Bxg7 Qxg7 23. dxe6 Rxe6 24. Qd3 b6 25. Rxe6 Bxe6 26. Re1 Bd7 27. Nf3 Qf6 28. Nd4 Kf8 29. h4 Ng6 30. Rxe8+ Kxe8 31. a4 Ne7 32. Kh2 Kd8 33. Kh3 Qg7 34. Qe3 Qf6 35. Bf3 c5 36. Ne2 Qa1 37. Nc3 Qb2 38. Nd5 Nxd5 39. Bxd5 Qa1 40. Qf3 Be8 41. Qe2 Bd7 42. Bg2 Qg7 43. Qd3 Ke7 44. Qd5 b5 45. cxb5 axb5 46. a5 Qa1 47. Qg8 h5 48. Qg5+ 1-0

[Event "Paris-ch"]
[Site "Paris"]
[Date "2010.07.04"]
[Round "2"]
[White "Manoeuvre, Antoine"]
[Black "Kunte, Abhijit"]
[Result "1/2-1/2"]
[WhiteElo "2271"]
[BlackElo "2521"]
[PlyCount "78"]
[EventDate "2010.07.03"]
[EventType "swiss"]
[EventRounds "9"]
[EventCountry "FRA"]
[SourceTitle "CBM 137 Extra"]
[Source "ChessBase"]
[SourceDate "2010.09.01"]
[SourceVersion "1"]
[SourceVersionDate "2010.09.01"]
[SourceQuality "1"]

1. d4 Nf6 2. c4 e6 3. Nc3 Bb4 4. Qc2 0-0 5. a3 Bxc3+ 6. Qxc3 d6 7. f3 c5 8. dxc5 dxc5 9. Nh3 Nc6 10. Nf2 e5 11. e3 Bf5 12. Bd2 a5 13. Be2 Qe7 14. 0-0 h5 15. Rad1 e4 16. f4 Rfd8 17. Bc1 Rxd1 18. Rxd1 Rd8 19. b3 Rxd1+ 20. Bxd1 Ng4 21. Bb2 f6 22. h3 Nxf2 23. Kxf2 h4 24. Bc2 Qd8 25. Kg1 Bg6 26. Qe1 f5 27. Qc3 Qd7 28. Qe1 Qd8 29. Qc3 Qd7 30. Qe1 Qd8 31. Qc3 Qe7 32. Bd1 Be8 33. Bc2 Bd7 34. Bd1 Be6 35. Bh5 Kh7 36. Be8 Bd7 37. Bh5 Be6 38. Be8 Bd7 39. Bh5 Be6 1/2-1/2

[Event "Syre Memorial op 33th"]
[Site "Issy les Moulineaux"]
[Date "2010.05.16"]
[Round "6"]
[White "Massip, Julien"]
[Black "Manoeuvre, Antoine"]
[Result "0-1"]
[WhiteElo "2006"]
[BlackElo "2246"]
[PlyCount "78"]
[EventDate "2010.05.13"]
[EventType "swiss"]
[EventRounds "6"]
[EventCountry "FRA"]
[SourceTitle "EXT 2011"]
[Source "ChessBase"]
[SourceDate "2010.11.26"]
[SourceVersion "1"]
[SourceVersionDate "2010.11.26"]
[SourceQuality "1"]

1. e4 e6 2. d4 d5 3. Nc3 Nf6 4. Bg5 Bb4 5. e5 h6 6. Bd2 Bxc3 7. Bxc3 Ne4 8. Qg4 g6 9. Bd3 Nxc3 10. bxc3 c5 11. Nh3 Nc6 12. 0-0 Ne7 13. dxc5 Bd7 14. f4 Qc7 15. Rab1 Qxc5+ 16. Kh1 Bc6 17. Rb3 0-0-0 18. Rfb1 a6 19. Qe2 Kc7 20. Nf2 g5 21. f5 exf5 22. e6 fxe6 23. Qxe6 Rhe8 24. Qe5+ Qd6 25. Qd4 Nc8 26. Bxf5 Qe5 27. Bd3 Qxd4 28. cxd4 Nd6 29. Ng4 Ne4 30. Ne5 Nd2 31. Nxc6 Nxb1 32. Ne5 Nd2 33. Rc3+ Kb8 34. Rc5 Ne4 35. Bxe4 dxe4 36. c3 Rf8 37. Kg1 e3 38. Nd3 e2 39. g3 Rf1+ 0-1

[Event "FRA-ch Accession"]
[Site "Belfort"]
[Date "2010.??.??"]
[Round "9"]
[White "Manoeuvre, Antoine"]
[Black "Di Nicolantonio, Lucas"]
[Result "1/2-1/2"]
[WhiteElo "2271"]
[BlackElo "2204"]
[PlyCount "57"]
[EventDate "2010.08.09"]
[EventType "swiss"]
[EventRounds "11"]
[EventCountry "FRA"]
[SourceTitle "CBM 138 Extra"]
[Source "ChessBase"]
[SourceDate "2010.10.29"]
[SourceVersion "1"]
[SourceVersionDate "2010.10.29"]
[SourceQuality "1"]

1. d4 d5 2. c4 c6 3. Nf3 Nf6 4. Nc3 e6 5. Bg5 h6 6. Bxf6 Qxf6 7. e3 Nd7 8. Bd3 dxc4 9. Bxc4 g6 10. 0-0 Bg7 11. Qc2 0-0 12. Ne4 Qe7 13. Bb3 e5 14. Nc3 Kh7 15. Rad1 exd4 16. exd4 Nf6 17. Rfe1 Qd6 18. Ne5 Bf5 19. Qe2 Nd5 20. Nxd5 cxd5 21. Qb5 Be6 22. Rc1 Rab8 23. Qa5 a6 24. Qc5 Qd8 25. Qc7 Qf6 26. Qb6 Qf4 27. Rcd1 Rfc8 28. Re3 Bxe5 29. dxe5 1/2-1/2

[Event "FRA-ch Accession"]
[Site "Belfort"]
[Date "2010.??.??"]
[Round "3"]
[White "Manoeuvre, Antoine"]
[Black "Stephan, Victor"]
[Result "0-1"]
[WhiteElo "2271"]
[BlackElo "2234"]
[PlyCount "112"]
[EventDate "2010.08.09"]
[EventType "swiss"]
[EventRounds "11"]
[EventCountry "FRA"]
[SourceTitle "CBM 138 Extra"]
[Source "ChessBase"]
[SourceDate "2010.10.29"]
[SourceVersion "1"]
[SourceVersionDate "2010.10.29"]
[SourceQuality "1"]

1. d4 Nf6 2. c4 e6 3. Nc3 Bb4 4. Qc2 0-0 5. a3 Bxc3+ 6. Qxc3 d6 7. f3 c5 8. dxc5 dxc5 9. Nh3 Nc6 10. Nf2 e5 11. e3 e4 12. f4 Ng4 13. h3 Nh6 14. g4 Qh4 15. Rg1 Rd8 16. b4 Rd1+ 17. Ke2 Rd7 18. Bb2 f6 19. b5 Ne7 20. Nxe4 b6 21. Bg2 Bb7 22. Qe1 Ng6 23. f5 Nxf5 24. gxf5 Qh5+ 25. Bf3 Qxf5 26. Qb1 Qe6 27. Qc2 Re8 28. Bg4 Qe7 29. Bxd7 Bxe4 30. Qd2 Rd8 31. Rad1 Bd3+ 32. Kxd3 Rxd7+ 33. Bd4 cxd4 34. exd4 Ne5+ 35. Kc2 Nxc4 36. Qd3 Ne3+ 37. Kb2 Nxd1+ 38. Rxd1 Qe6 39. d5 Qe5+ 40. Kb1 Rd6 41. Ka2 h6 42. Rd2 f5 43. Qf3 Qe4 44. Qc3 Kh7 45. Qb3 f4 46. Rd3 f3 47. Rxf3 Qxd5 48. Rf7 Qg2+ 49. Qb2 Qg6 50. Re7 Rd3 51. h4 h5 52. Qc2 Rg3 53. Qc4 Rg4 54. Qc6 Rg2+ 55. Ka1 Rg1+ 56. Kb2 Qb1+ 0-1

[Event "FRA-ch Accession"]
[Site "Belfort"]
[Date "2010.??.??"]
[Round "2"]
[White "Migot, Tangi"]
[Black "Manoeuvre, Antoine"]
[Result "1/2-1/2"]
[WhiteElo "2229"]
[BlackElo "2271"]
[PlyCount "48"]
[EventDate "2010.08.09"]
[EventType "swiss"]
[EventRounds "11"]
[EventCountry "FRA"]
[SourceTitle "CBM 138 Extra"]
[Source "ChessBase"]
[SourceDate "2010.10.29"]
[SourceVersion "1"]
[SourceVersionDate "2010.10.29"]
[SourceQuality "1"]

1. e4 e6 2. d4 d5 3. Nc3 Nf6 4. e5 Nfd7 5. f4 c5 6. Nf3 Nc6 7. Be3 Rb8 8. Qd2 Qa5 9. Be2 b5 10. 0-0 b4 11. Nd1 Ba6 12. Nf2 Bxe2 13. Qxe2 cxd4 14. Nxd4 Nxd4 15. Bxd4 Bc5 16. Rfd1 Qb6 17. Qe3 0-0 18. Bxc5 Qxc5 19. Qxc5 Nxc5 20. g3 Rfc8 21. Rd2 Rb6 22. Nd3 Nxd3 23. cxd3 Rbc6 24. Kf2 a5 1/2-1/2

[Event "FRA-ch Accession"]
[Site "Nimes"]
[Date "2009.08.19"]
[Round "8"]
[White "Manoeuvre, Antoine"]
[Black "Jolly, Jean Francois"]
[Result "0-1"]
[WhiteElo "2232"]
[BlackElo "2366"]
[PlyCount "62"]
[EventDate "2009.08.11"]
[EventType "swiss"]
[EventRounds "9"]
[EventCountry "FRA"]
[SourceTitle "CBM 132 Extra"]
[Source "ChessBase"]
[SourceDate "2009.11.03"]
[SourceVersion "1"]
[SourceVersionDate "2009.11.03"]
[SourceQuality "1"]

1. d4 Nf6 2. c4 e6 3. Nc3 Bb4 4. Qc2 0-0 5. a3 Bxc3+ 6. Qxc3 b5 7. cxb5 c6 8. Bg5 cxb5 9. Nf3 Bb7 10. e3 h6 11. Bh4 g5 12. Bg3 Ne4 13. Qc2 Na6 14. Bd3 Qa5+ 15. Ke2 Rac8 16. Qb1 f5 17. Rd1 h5 18. h3 g4 19. Nh4 Nxg3+ 20. fxg3 Qc7 21. Kf2 Qc6 22. Qc1 Qd5 23. Qd2 Kg7 24. Rac1 Rc6 25. Qa5 Nc7 26. Qxa7 Qb3 27. Rd2 Rf7 28. Qc5 Nd5 29. Qd6 Nf6 30. Qe5 d6 31. Qxd6 Qxd3 0-1

[Event "FRA-ch Accession"]
[Site "Nimes"]
[Date "2009.08.18"]
[Round "7"]
[White "Di Nicolantonio, Lucas"]
[Black "Manoeuvre, Antoine"]
[Result "0-1"]
[WhiteElo "2100"]
[BlackElo "2232"]
[PlyCount "52"]
[EventDate "2009.08.11"]
[EventType "swiss"]
[EventRounds "9"]
[EventCountry "FRA"]
[SourceTitle "CBM 132 Extra"]
[Source "ChessBase"]
[SourceDate "2009.11.03"]
[SourceVersion "1"]
[SourceVersionDate "2009.11.03"]
[SourceQuality "1"]

1. e4 e6 2. d4 d5 3. e5 c5 4. c3 Nc6 5. Nf3 Qb6 6. a3 Nh6 7. b4 cxd4 8. cxd4 Nf5 9. Bb2 Be7 10. Bd3 a5 11. Qa4 0-0 12. b5 Bd7 13. 0-0 Rfc8 14. Bxf5 exf5 15. Nc3 Na7 16. Nxd5 Qd8 17. Nxe7+ Qxe7 18. Qxa5 Nxb5 19. Qd2 Bc6 20. d5 Rd8 21. d6 Qe6 22. Qe3 Ra4 23. Nd4 Nxd4 24. Bxd4 Qd5 25. Qg5 Rda8 26. e6 Rxd4 0-1

[Event "FRA-ch Accession"]
[Site "Nimes"]
[Date "2009.08.16"]
[Round "6"]
[White "Manoeuvre, Antoine"]
[Black "Crut, Aurelien"]
[Result "0-1"]
[WhiteElo "2232"]
[BlackElo "2335"]
[PlyCount "56"]
[EventDate "2009.08.11"]
[EventType "swiss"]
[EventRounds "9"]
[EventCountry "FRA"]
[SourceTitle "CBM 132 Extra"]
[Source "ChessBase"]
[SourceDate "2009.11.03"]
[SourceVersion "1"]
[SourceVersionDate "2009.11.03"]
[SourceQuality "1"]

1. d4 d5 2. c4 e6 3. Nc3 c6 4. Nf3 dxc4 5. a4 Bb4 6. e3 b5 7. Bd2 a5 8. axb5 Bxc3 9. Bxc3 cxb5 10. b3 Bb7 11. bxc4 b4 12. Bb2 Nf6 13. Bd3 0-0 14. 0-0 Nbd7 15. Re1 Ne4 16. Qc2 f5 17. c5 Bd5 18. Rec1 Qc7 19. Bb5 Rfd8 20. Qa4 Ndf6 21. Ne5 Nd2 22. Nc4 Ng4 23. g3 Nf3+ 24. Kf1 Nfxh2+ 25. Ke1 Nxf2 26. Kxf2 Ng4+ 27. Ke2 Qxg3 28. Rf1 Qg2+ 0-1

[Event "Syre Memorial op 32nd"]
[Site "Issy les Moulineaux"]
[Date "2009.05.24"]
[Round "6"]
[White "Manoeuvre, Antoine"]
[Black "Iasman, Inna"]
[Result "1/2-1/2"]
[WhiteElo "2150"]
[BlackElo "1885"]
[PlyCount "35"]
[EventDate "2009.05.21"]
[EventType "swiss"]
[EventRounds "6"]
[EventCountry "FRA"]
[SourceTitle "EXT 2010"]
[Source "ChessBase"]
[SourceDate "2010.11.25"]
[SourceVersion "1"]
[SourceVersionDate "2010.11.25"]
[SourceQuality "1"]

1. d4 d5 2. c4 c6 3. Nf3 Nf6 4. Nc3 dxc4 5. a4 Bf5 6. Ne5 Nbd7 7. Nxc4 Qc7 8. g3 e5 9. dxe5 Nxe5 10. Bf4 Nfd7 11. Bg2 Be7 12. 0-0 0-0 13. Ne3 Be6 14. Qc2 Qa5 15. Kh1 Ng6 16. Qe4 Nxf4 17. Qxf4 Ne5 18. Qe4 1/2-1/2

[Event "FRA-ch U16"]
[Site "Aix les Bains"]
[Date "2009.04.26"]
[Round "9"]
[White "Ider, Borya"]
[Black "Manoeuvre, Antoine"]
[Result "1/2-1/2"]
[WhiteElo "2176"]
[BlackElo "2150"]
[PlyCount "27"]
[EventDate "2009.04.19"]
[EventType "swiss"]
[EventRounds "9"]
[EventCountry "FRA"]
[SourceTitle "CBM 130 Extra"]
[Source "ChessBase"]
[SourceDate "2009.07.02"]
[SourceVersion "2"]
[SourceVersionDate "2009.07.15"]
[SourceQuality "1"]

1. d4 Nf6 2. c4 g6 3. Nc3 Bg7 4. e4 d6 5. h3 0-0 6. Bg5 c5 7. d5 a6 8. a4 Qa5 9. Qd2 b5 10. cxb5 axb5 11. Bxb5 Ba6 12. Rc1 Bxb5 13. axb5 Qb4 14. Bxf6 1/2-1/2